00382 2200145 4500245007700000020001500077250001100092100002500103650001400128005001900142260004100161041001400202084001100216336000900227 aAkuntansi Biaya b : Teori dan PenerapannyacV. Wiratna SujarwenihText a6021674294 aCet. 1 aV. Wiratna Sujarweni aAKUNTANSI a20240903091027 aYogyakartabPustaka Baru Pressc2015 aIndonesia a657.42 atext